| 000 | 01186nam a2200205 a 4500 | ||
|---|---|---|---|
| 003 | AM-YeHGA | ||
| 005 | 20250618075552.0 | ||
| 008 | 981028s1876 ii |||||r|||||||||0|arm|d | ||
| 040 | _aAM-YeHGA | ||
| 041 | 0 | _aarm | |
| 100 | 1 |
_aԽաչկեան, Յովհաննէս, _cՔահանա |
|
| 245 | 1 | 0 |
_aԳաւազանագիր : _bՆախապատիւ և վերջադաս եպիկոպոսաց, որք առաջնորդական պատւով նստեալ յաթոռ Ամենափրկչեան վանաց Նոր Ջուղա, հանդերձ հակիրճ ծանօթութեամբք դիպոցն ժամանակաց, և նշանաւոր գործոց նոցին ընդ այլովք, սկսեալ յաւուրց անտի գաղթականութե Հայոց յաւուրս յայսոսիկ / _cՏեր Յովհ. Խաչկեան Խաչակիր Աւագերեց Հայոց. |
| 260 |
_aԿալկաթա : _bԱ. հ., _c1876. |
||
| 300 |
_a136 էջ ; _c22 սմ. |
||
| 500 | _aՏողատ. ծանոթ. | ||
| 650 | 1 | 4 |
_aՀայ եկեղեցու գործիչներ _94735 |
| 856 | 4 |
_uhttps://arar.sci.am/dlibra/publication/344101/edition/316944/content _yԿարդալ առցանց |
|
| 942 |
_2udc _cBK |
||
| 090 | _c478561 | ||
| 999 |
_c475271 _d475271 |
||